| 000 | 00509nam a2200169 a 4500 | ||
|---|---|---|---|
| 005 | 20140412111240.0 | ||
| 008 | 001116s19uu xx 00 eng d | ||
| 050 |
_aER _bGo57 1993 |
||
| 100 | _aPatience, John | ||
| 245 |
_aGoldilocks and the three bears / _cretold by Fran Hunia ; illustrated by John Dyke. |
||
| 260 |
_aLeicesterahire, UK : _bLadybird Books Ltd, _c1993. |
||
| 300 | _a1 v. (unp.) | ||
| 440 | _aReadi it yourself | ||
| 650 | _aFairy tales | ||
| 650 | _aBears -- Stories | ||
| 999 |
_c102669 _d102669 |
||